00605cam a22001578i 4500020001800000020001500018040000800033082002600041100002200067245010300089250002800192300004700220500002000267520014100287650001900428 a9780143110583 a0143110586 cDLC00a640 SIN 1980 C148 Or.1 aBlondel, Rachelle10aForgotten ways for modern days :bkitchen cures and household lore for a natural home and garden / aFirst American edition. a143 pages :bcolor illustrations ;c24 cm. aIncludes index. aAguide to natural beauty products, home cleaners, health remedies, and other household tips inspired by the techniques of our ancestors. 0aHome economics